Three letter Blitz (ends in F) Quiz Stats

 Plays Quiz not verified by Sporcle

Score 0/26 Timer 01:30
0 Plays Today
Clue Word % Correct
International Monetary FundIMF
89.1%
Not onOff
87.2%
Graphics Interchange FormatGif
86.5%
Barrow-in-FurnessBIF
83.3%
___ WiedersehenAuf
82.7%
Peanut butter (or lemon juice) brandJif
82.7%
Portable Document FormatPDF
82.7%
Highest Common FactorHCF
82.1%
Football game officialRef
81.4%
World Wide FundWWF
80.1%
Legolas for instanceElf
78.8%
Medium-density fibreboardMDF
78.2%
Norskregistrert utenlandsk foretakNUF
78.2%
Clue Word % Correct
Quality assurance frameworkQAF
78.2%
Leap of faithLOF
73.1%
Young Entrepreneur FoundationYEF
71.8%
Zero insertion forceZif
69.2%
The Ultimate FighterTUF
66.7%
22nd letter of Hebrew alphabetKaf
66%
Volume of fluidVOF
65.4%
Old Norse name for 'wolf' Ulf
55.1%
Dutch truck manufacturerDAF
53.2%
The wife of ThorSif
48.7%
As loud as can be playedFFF
48.1%
Central African franc currency codeXAF
41.7%
Swiss Franc currency codeCHF
34%

You're not logged in!

Compare scores with friends on all Sporcle quizzes.
OR
Log In

Show Comments

Extras

Top Quizzes Today


Score Distribution

Your Account Isn't Verified!

In order to create a playlist on Sporcle, you need to verify the email address you used during registration. Go to your Sporcle Settings to finish the process.

Report this User

Report this user for behavior that violates our Community Guidelines.

Details: